| Tag |
First Indicator |
Second Indicator |
Subfields |
| LEADER |
00000cam a2200000 4500 |
| 001 |
in00001925644 |
| 006 |
m | d | |
| 007 |
cr |n||||||||n |
| 008 |
810401s1737 ie |||| s 00||||eng d |
| 005 |
20260403180456.9 |
| 035 |
|
|
|a (CStRLIN)ESTCT119395
|
| 040 |
|
|
|a Uk-ES
|c Uk-ES
|d CStRLIN
|d Thomson Gale
|d UtOrBLW
|
| 100 |
1 |
|
|a Glover, Richard,
|d 1712-1785.
|
| 245 |
1 |
0 |
|a Leonidas :
|b a poem.
|
| 264 |
|
3 |
|a Dublin :
|b printed by R. Reilly: for J. Smith, and W. Bruce,
|c 1737.
|
| 300 |
|
|
|a 240p. ;
|c 12⁰.
|
| 336 |
|
|
|a text
|b txt
|2 rdacontent
|
| 337 |
|
|
|a computer
|b c
|2 rdamedia
|
| 338 |
|
|
|a online resource
|b cr
|2 rdacarrier
|
| 500 |
|
|
|a Anonymous. By Richard Glover.
|
| 500 |
|
|
|a Reproduction of original from the British Library.
|
| 510 |
4 |
|
|a Foxon,
|c G192
|
| 510 |
4 |
|
|a English Short Title Catalog,
|c ESTCT119395.
|
| 533 |
|
|
|a Electronic reproduction.
|b Farmington Hills, Mich. :
|c Thomson Gale,
|d 2003.
|n Available via the World Wide Web.
|n Access limited by licensing agreements
|7 s2003 miunns
|
| 500 |
|
|
|a Electronic resource.
|
| 830 |
|
0 |
|a Eighteenth century collections online.
|
| 856 |
4 |
0 |
|u http://proxy.library.tamu.edu/login?url=https://galenet.galegroup.com/servlet/ECCO?c=1&stp=Author&ste=11&af=BN&ae=T119395&tiPG=1&dd=0&dc=flc&docNum=CW112421453&vrsn=1.0&srchtp=a&d4=0.33&n=10&SU=0LRK&locID=txshracd2898
|z Full text online
|t 0
|
| 999 |
|
|
|a MARS
|
| 999 |
f |
f |
|s 0596cdd0-35f4-361b-8c56-4d43d0fc488b
|i c4f37c93-5214-300c-be0b-d77bb1a748de
|t 0
|
| 952 |
f |
f |
|a Texas A&M University
|b College Station
|c Electronic Resources
|s www_evans
|d Available Online
|t 0
|h No information provided
|
| 998 |
f |
f |
|t 0
|l Available Online
|